[Event "Sofia CSKA op 12th"]
[Site "Sofia"]
[Date "2009.02.14"]
[Round "2"]
[White "Donchev, Dimitar I"]
[Black "Nikolov, Savko"]
[Result "1-0"]
[WhiteElo "2452"]
[BlackElo "1986"]
[PlyCount "71"]
[EventDate "2009.02.14"]
[EventType "swiss"]
[EventRounds "6"]
[EventCountry "BUL"]
[SourceTitle "CBM 128 Extra"]
[Source "ChessBase"]
[SourceDate "2009.03.05"]
[SourceVersion "2"]
[SourceVersionDate "2009.03.25"]
[SourceQuality "1"]

1. e4 c5 2. Nf3 Nc6 3. Bb5 g6 4. 0-0 Bg7 5. Re1 Nf6 6. Nc3 Nd4 7. e5 Ng4 8. Nxd4 cxd4 9. Qxg4 dxc3 10. dxc3 0-0 11. Qh4 Qa5 12. Qb4 Qxb4 13. cxb4 a6 14. Bf1 b6 15. c3 Bb7 16. Bg5 Rfe8 17. a4 a5 18. bxa5 bxa5 19. Bb5 h6 20. Bh4 Bc6 21. f4 Rab8 22. c4 Bf8 23. Red1 Rb7 24. Be1 Ra8 25. h4 e6 26. Rd3 Bc5+ 27. Bf2 Bb4 28. Rad1 Kf8 29. h5 g5 30. fxg5 hxg5 31. Rg3 Be7 32. Be3 Kg7 33. Bxg5 Bxg5 34. Rxg5+ Kh6 35. Rg3 Kxh5 36. Kf2 1-0

[Event "Metz op 15th"]
[Site "Metz"]
[Date "1997.??.??"]
[Round "5"]
[White "Donchev, Dimitar I"]
[Black "Berend, Elvira S"]
[Result "1-0"]
[WhiteElo "2475"]
[BlackElo "2355"]
[PlyCount "89"]
[EventDate "1997.04.??"]
[EventType "swiss"]
[EventRounds "9"]
[EventCountry "FRA"]
[SourceTitle "EXT 1999"]
[Source "ChessBase"]
[SourceDate "1998.11.16"]
[SourceVersion "1"]
[SourceVersionDate "1998.11.16"]
[SourceQuality "1"]

1. Nf3 Nf6 2. b3 d5 3. Bb2 e6 4. e3 Be7 5. d4 0-0 6. Bd3 c5 7. 0-0 Nc6 8. Nbd2 b6 9. Ne5 Bb7 10. a3 Nxe5 11. dxe5 Ne4 12. Bxe4 dxe4 13. Qe2 Qc7 14. Rfd1 Rad8 15. Qg4 Qc6 16. Nc4 g6 17. h4 b5 18. Nd6 Bxd6 19. exd6 Rxd6 20. Qf4 Rd5 21. Qf6 e5 22. Bxe5 Qxf6 23. Bxf6 Rc8 24. Rxd5 Bxd5 25. Rd1 Bc6 26. Kh2 Kf8 27. g4 Ke8 28. Kg3 Bd7 29. g5 c4 30. b4 Rc6 31. Rd4 Re6 32. c3 Ra6 33. Rxe4+ Be6 34. Re5 Rxa3 35. Rxb5 Kd7 36. Be5 a6 37. Rb8 Ra1 38. Rh8 a5 39. bxa5 Rxa5 40. Rxh7 Ra8 41. f3 Kc6 42. e4 Rc8 43. h5 gxh5 44. Rxh5 Ra8 45. f4 1-0

[Event "Metz op 15th"]
[Site "Metz"]
[Date "1997.??.??"]
[Round "3"]
[White "Donchev, Dimitar I"]
[Black "Buckley, Graeme N"]
[Result "1-0"]
[WhiteElo "2475"]
[BlackElo "2320"]
[PlyCount "69"]
[EventDate "1997.04.??"]
[EventType "swiss"]
[EventRounds "9"]
[EventCountry "FRA"]
[SourceTitle "EXT 1999"]
[Source "ChessBase"]
[SourceDate "1998.11.16"]
[SourceVersion "1"]
[SourceVersionDate "1998.11.16"]
[SourceQuality "1"]

1. e4 c5 2. Nf3 d6 3. d4 cxd4 4. Nxd4 Nf6 5. Nc3 e6 6. Be3 Be7 7. Qf3 Nbd7 8. Be2 a6 9. g4 Nb6 10. g5 Nfd7 11. Qg3 Ne5 12. Rd1 Qc7 13. 0-0 0-0 14. f4 Nec4 15. Bc1 d5 16. e5 Nd7 17. Bd3 Nc5 18. Bxh7+ Kxh7 19. Qh4+ Kg8 20. Rf3 f5 21. Qh5 Bxg5 22. Qxg5 b5 23. Rh3 b4 24. Nce2 Ne4 25. Qh5 Na5 26. Rdd3 Nc6 27. Rh4 Nxd4 28. Nxd4 Ra7 29. Rdh3 Qc4 30. Be3 Nd2 31. Bxd2 Qxd4+ 32. Be3 Qxb2 33. Qg6 Qb1+ 34. Kg2 Qxc2+ 35. Kg3 1-0

[Event "Metz op 15th"]
[Site "Metz"]
[Date "1997.??.??"]
[Round "1"]
[White "Donchev, Dimitar I"]
[Black "Martinez, Patrick"]
[Result "1-0"]
[WhiteElo "2475"]
[BlackElo "1790"]
[PlyCount "51"]
[EventDate "1997.04.??"]
[EventType "swiss"]
[EventRounds "9"]
[EventCountry "FRA"]
[SourceTitle "EXT 1999"]
[Source "ChessBase"]
[SourceDate "1998.11.16"]
[SourceVersion "1"]
[SourceVersionDate "1998.11.16"]
[SourceQuality "1"]

1. Nf3 Nf6 2. d4 g6 3. Bg5 Ne4 4. h4 Bg7 5. c3 d5 6. Nbd2 c5 7. e3 Nc6 8. Nxe4 dxe4 9. Nd2 cxd4 10. exd4 f6 11. Bf4 f5 12. Bb5 Bd7 13. Nc4 a6 14. Bxc6 Bxc6 15. Qd2 Bd5 16. Ne5 Rc8 17. b3 b5 18. Rc1 Qb6 19. Rh3 Bf6 20. Kf1 Rg8 21. Kg1 Qb7 22. Qe2 Kd8 23. c4 g5 24. hxg5 Bxg5 25. Bxg5 Rxg5 26. Qe3 1-0

[Event "Metz op 15th"]
[Site "Metz"]
[Date "1997.??.??"]
[Round "7"]
[White "Donchev, Dimitar I"]
[Black "Ristic, Nenad"]
[Result "0-1"]
[WhiteElo "2475"]
[BlackElo "2475"]
[PlyCount "64"]
[EventDate "1997.04.??"]
[EventType "swiss"]
[EventRounds "9"]
[EventCountry "FRA"]
[SourceTitle "EXT 1999"]
[Source "ChessBase"]
[SourceDate "1998.11.16"]
[SourceVersion "1"]
[SourceVersionDate "1998.11.16"]
[SourceQuality "1"]

1. e4 c5 2. Nf3 d6 3. d4 cxd4 4. Nxd4 Nf6 5. Nc3 g6 6. Be3 Bg7 7. f3 Nc6 8. Qd2 0-0 9. 0-0-0 d5 10. exd5 Nxd5 11. Nxc6 bxc6 12. Bd4 Nxc3 13. Qxc3 Bh6+ 14. Be3 Bxe3+ 15. Qxe3 Qb6 16. Qxe7 Be6 17. Qf6 Bxa2 18. b3 Bxb3 19. cxb3 Qxb3 20. Rd3 Qb6 21. Rd7 Qc5+ 22. Kd1 Rab8 23. Bd3 Qf2 24. Re1 Rb2 25. Qc3 Rfb8 26. Kc1 R2b3 27. Qd2 Qh4 28. Re4 Qf6 29. Ra4 Rc3+ 30. Bc2 Rc4 31. Rdxa7 Qb2+ 32. Kd1 Rxc2 0-1

[Event "BUL-ch"]
[Site "Bulgaria"]
[Date "1994.??.??"]
[Round "6"]
[White "Delchev, Aleksander"]
[Black "Donchev, Dimitar I"]
[Result "1/2-1/2"]
[WhiteElo "2480"]
[BlackElo "2480"]
[PlyCount "120"]
[EventDate "1994.05.??"]
[EventType "tourn"]
[EventRounds "13"]
[EventCountry "BUL"]
[EventCategory "7"]
[SourceTitle "TD"]
[Source "ChessBase"]
[SourceDate "1994.03.01"]
[SourceVersion "1"]
[SourceVersionDate "1994.03.01"]
[SourceQuality "1"]

1. d4 Nf6 2. c4 e6 3. Nc3 d5 4. cxd5 exd5 5. Bg5 c6 6. Qc2 Be7 7. e3 Bg4 8. Nge2 h6 9. Bf4 Bh5 10. Ng3 Bg6 11. Bd3 Bxd3 12. Qxd3 g6 13. e4 dxe4 14. Ngxe4 Na6 15. 0-0-0 Nd5 16. Nxd5 Qxd5 17. Nc3 Nb4 18. Nxd5 Nxd3+ 19. Rxd3 cxd5 20. Re1 Rc8+ 21. Kb1 Kf8 22. Rb3 b6 23. Rb5 Rd8 24. Re5 Bf6 25. Rexd5 Ke7 26. Be5 Bxe5 27. Rxd8 Rxd8 28. Rxe5+ Kf6 29. Re4 Rc8 30. b3 Rc7 31. Kb2 h5 32. Re3 Kf5 33. a4 h4 34. h3 g5 35. g3 hxg3 36. fxg3 f6 37. Rf3+ Ke6 38. g4 Rc6 39. Rf5 Ke7 40. d5 Rc8 41. Rf3 Rd8 42. Re3+ Kf7 43. Rd3 Ke7 44. Re3+ Kf7 45. Rc3 Rd7 46. Ka3 f5 47. gxf5 Kf6 48. Rd3 Kxf5 49. Kb4 Ke4 50. Rd1 Rxd5 51. Rxd5 Kxd5 52. Kb5 Ke4 53. Ka6 Kf3 54. Kxa7 Kg3 55. Kxb6 Kxh3 56. a5 g4 57. a6 g3 58. a7 g2 59. a8Q g1Q+ 60. Kb5 Qf1+ 1/2-1/2

[Event "Ceske Budejovice op"]
[Site "Ceske Budejovice"]
[Date "1994.??.??"]
[Round "2"]
[White "Donchev, Dimitar I"]
[Black "Chytilek, Roman"]
[Result "1/2-1/2"]
[WhiteElo "2485"]
[BlackElo "2320"]
[PlyCount "166"]
[EventDate "1994.??.??"]
[EventType "swiss"]
[EventRounds "9"]
[EventCountry "CZE"]
[SourceTitle "EXT 1997"]
[Source "ChessBase"]
[SourceDate "1996.11.15"]
[SourceVersion "1"]
[SourceVersionDate "1996.11.15"]
[SourceQuality "1"]

1. Nf3 d6 2. d4 Bg4 3. e4 Nf6 4. h3 Bh5 5. Nbd2 e6 6. c3 Be7 7. Bd3 d5 8. 0-0 0-0 9. Re1 c5 10. exd5 Nxd5 11. Nb3 cxd4 12. Nbxd4 Nd7 13. Qc2 N5f6 14. Ng5 h6 15. Nh7 Nxh7 16. Bxh7+ Kh8 17. g4 e5 18. Ne2 Bg6 19. Bxg6 fxg6 20. Ng3 Bc5 21. Be3 Qh4 22. Kg2 Qf6 23. Rad1 Bxe3 24. Rxe3 Nc5 25. Kg1 Ne6 26. Rd6 Rad8 27. Ne4 Qe7 28. Rxd8 Rxd8 29. Kh2 Nf4 30. c4 Rd4 31. a3 Qh4 32. Rg3 h5 33. gxh5 Qxh5 34. c5 Qf5 35. f3 Nh5 36. Rg4 Qxf3 37. Qg2 Qxg2+ 38. Kxg2 Nf4+ 39. Kf3 Rd3+ 40. Kf2 Rb3 41. Nd6 Rxb2+ 42. Ke3 Kg8 43. Rg5 Rb3+ 44. Ke4 Nxh3 45. Rxe5 Nf2+ 46. Kd5 Nd3 47. Re7 Nxc5 48. Kxc5 Rxa3 49. Rxb7 Kh7 50. Nc4 Ra1 51. Kd5 a5 52. Ke6 a4 53. Rb2 a3 54. Rh2+ Kg8 55. Re2 a2 56. Ne5 g5 57. Nc6 g4 58. Nb4 g3 59. Nxa2 Rf1 60. Nc3 Rf2 61. Re4 g2 62. Rg4 Kh7 63. Ke5 g6 64. Ne4 Re2 65. Kf4 Kh6 66. Kf3 Ra2 67. Nf2 g5 68. Kxg2 Kh5 69. Rd4 Kg6 70. Kf3 Ra5 71. Kg4 Rf5 72. Nd3 Ra5 73. Rd6+ Kf7 74. Rc6 Rd5 75. Nf2 Ke7 76. Ne4 Rd4 77. Kf5 Rd5+ 78. Kg4 Rd4 79. Kf3 g4+ 80. Kf4 g3 81. Ke5 Kd7 82. Rg6 Rd1 83. Nxg3 Rg1 1/2-1/2

[Event "BUL-ch"]
[Site "Bulgaria"]
[Date "1994.??.??"]
[Round "10"]
[White "Donchev, Dimitar I"]
[Black "Dochev, Dimitar"]
[Result "1/2-1/2"]
[WhiteElo "2480"]
[BlackElo "2395"]
[PlyCount "31"]
[EventDate "1994.05.??"]
[EventType "tourn"]
[EventRounds "13"]
[EventCountry "BUL"]
[EventCategory "7"]
[SourceTitle "TD"]
[Source "ChessBase"]
[SourceDate "1994.03.01"]
[SourceVersion "1"]
[SourceVersionDate "1994.03.01"]
[SourceQuality "1"]

1. Nf3 Nf6 2. d4 g6 3. Nc3 d5 4. Bf4 Bg7 5. e3 0-0 6. Be2 c6 7. Ne5 Nfd7 8. h4 f6 9. Nxd7 Nxd7 10. Qd2 e5 11. Bh2 Qe7 12. h5 b5 13. hxg6 hxg6 14. a4 b4 15. Na2 a5 16. Nc1 1/2-1/2

[Event "BUL-ch"]
[Site "Bulgaria"]
[Date "1994.??.??"]
[Round "5"]
[White "Donchev, Dimitar I"]
[Black "Genov, Petar"]
[Result "1-0"]
[WhiteElo "2480"]
[BlackElo "2470"]
[PlyCount "45"]
[EventDate "1994.05.??"]
[EventType "tourn"]
[EventRounds "13"]
[EventCountry "BUL"]
[EventCategory "7"]
[SourceTitle "TD"]
[Source "ChessBase"]
[SourceDate "1994.03.01"]
[SourceVersion "1"]
[SourceVersionDate "1994.03.01"]
[SourceQuality "1"]

1. Nf3 Nf6 2. d4 b6 3. Bg5 Ne4 4. Bh4 Ba6 5. Nbd2 d5 6. e3 Nxd2 7. Qxd2 Bxf1 8. Rxf1 Qc8 9. 0-0-0 e6 10. Rfe1 Bd6 11. e4 c6 12. Kb1 dxe4 13. Rxe4 0-0 14. Qh6 Nd7 15. Rg4 g6 16. Ng5 Nf6 17. Bg3 Rd8 18. Bxd6 Rxd6 19. Rf4 Qd8 20. Rd3 e5 21. Rxf6 Qxf6 22. Qxh7+ Kf8 23. Ne4 1-0

[Event "Ceske Budejovice op"]
[Site "Ceske Budejovice"]
[Date "1994.??.??"]
[Round "6"]
[White "Donchev, Dimitar I"]
[Black "Jurka, Miroslav"]
[Result "1-0"]
[WhiteElo "2485"]
[BlackElo "2335"]
[PlyCount "81"]
[EventDate "1994.??.??"]
[EventType "swiss"]
[EventRounds "9"]
[EventCountry "CZE"]
[SourceTitle "EXT 1997"]
[Source "ChessBase"]
[SourceDate "1996.11.15"]
[SourceVersion "1"]
[SourceVersionDate "1996.11.15"]
[SourceQuality "1"]

1. Nf3 c5 2. b3 Nf6 3. Bb2 b6 4. g3 Bb7 5. Bg2 e6 6. c4 Be7 7. 0-0 0-0 8. d4 cxd4 9. Qxd4 d6 10. Nc3 a6 11. Rfd1 Nbd7 12. Qe3 Qc7 13. Nd4 Bxg2 14. Kxg2 Rfe8 15. Rac1 Bf8 16. h3 Rac8 17. Kg1 Qb8 18. Qf3 Ne5 19. Qg2 g6 20. g4 h6 21. e3 Qa8 22. Qxa8 Rxa8 23. Kg2 Ned7 24. f3 Rac8 25. h4 Nc5 26. Nde2 Nfd7 27. g5 f5 28. Nf4 Ne5 29. gxh6 Kh7 30. Nce2 Nf7 31. Rd2 Bxh6 32. Kf2 Rcd8 33. Bf6 Rd7 34. b4 Nb7 35. c5 bxc5 36. bxc5 Rc7 37. cxd6 Rxc1 38. d7 Rcc8 39. dxc8Q Rxc8 40. Rd7 Nbd6 41. Be5 1-0

[Event "Cappelle op 10th"]
[Site "Cappelle la Grande"]
[Date "1994.??.??"]
[Round "8"]
[White "Donchev, Dimitar I"]
[Black "Tseshkovsky, Vitaly"]
[Result "1/2-1/2"]
[WhiteElo "2480"]
[BlackElo "2515"]
[PlyCount "79"]
[EventDate "1994.02.??"]
[EventType "swiss"]
[EventRounds "9"]
[EventCountry "FRA"]
[SourceTitle "EXT 1999"]
[Source "ChessBase"]
[SourceDate "1998.11.16"]
[SourceVersion "1"]
[SourceVersionDate "1998.11.16"]
[SourceQuality "1"]

1. Nf3 g6 2. d4 Bg7 3. e4 d6 4. Nc3 Nf6 5. Be2 0-0 6. 0-0 c6 7. Re1 Nbd7 8. a4 e5 9. dxe5 dxe5 10. b3 Qa5 11. Qd2 Rd8 12. Rd1 Bf8 13. Ba3 Bxa3 14. Rxa3 Kg7 15. Raa1 Re8 16. h3 Nf8 17. Qe3 Ne6 18. Bc4 Nf4 19. Kh2 h6 20. Bf1 Ne6 21. Nd2 Nd4 22. Nc4 Qc7 23. Bd3 b5 24. Nd2 b4 25. Ne2 c5 26. c3 Nxe2 27. Bxe2 bxc3 28. Qxc3 Bb7 29. f3 Nh7 30. Bb5 Red8 31. b4 Rac8 32. bxc5 Qxc5 33. Qxc5 Rxc5 34. Nb3 Rxd1 35. Rxd1 Rc2 36. Rd2 Rxd2 37. Nxd2 a6 38. Bc4 Nf6 39. Nb3 Nd7 40. a5 1/2-1/2

[Event "Pardubice op"]
[Site "Pardubice"]
[Date "1994.??.??"]
[Round "8"]
[White "Gross, David"]
[Black "Donchev, Dimitar I"]
[Result "1/2-1/2"]
[WhiteElo "2390"]
[BlackElo "2485"]
[PlyCount "100"]
[EventDate "1994.07.??"]
[EventType "swiss"]
[EventRounds "9"]
[EventCountry "CZE"]
[SourceTitle "EXT 1997"]
[Source "ChessBase"]
[SourceDate "1996.11.15"]
[SourceVersion "1"]
[SourceVersionDate "1996.11.15"]
[SourceQuality "1"]

1. e4 c6 2. d4 d5 3. Nc3 g6 4. Nf3 Bg7 5. Be3 dxe4 6. Nxe4 Nf6 7. Nxf6+ exf6 8. Qd2 Bg4 9. Be2 0-0 10. h3 Bxf3 11. Bxf3 Nd7 12. 0-0 f5 13. c4 Nf6 14. Rfd1 Re8 15. Rac1 Ne4 16. Qb4 Qc7 17. d5 c5 18. Qa3 Bf8 19. Qd3 Rad8 20. Rc2 b6 21. Re2 Re7 22. Bc1 Rde8 23. Rde1 Nd6 24. Bf4 Rxe2 25. Rxe2 Qd8 26. b3 Qf6 27. Rxe8 Nxe8 28. Qe3 Qd8 29. a4 Nd6 30. Bg5 Qd7 31. Qe5 h6 32. Bf6 Ne8 33. Kf1 Bd6 34. Qb2 Bf8 35. Qe5 Bd6 36. Qb2 Be7 37. Be5 Qd8 38. Qe2 Bf6 39. Bxf6 Nxf6 40. Qe5 Ne8 41. Ke2 Nd6 42. Kd3 h5 43. g3 Ne8 44. h4 Nd6 45. Be2 f6 46. Qe6+ Kg7 47. f4 Kf8 48. Ke3 Qe7 49. Qxe7+ Kxe7 50. Bd3 a5 1/2-1/2

[Event "Cappelle op 10th"]
[Site "Cappelle la Grande"]
[Date "1994.??.??"]
[Round "9"]
[White "Ikonnikov, Vyacheslav"]
[Black "Donchev, Dimitar I"]
[Result "1/2-1/2"]
[WhiteElo "2515"]
[BlackElo "2480"]
[PlyCount "120"]
[EventDate "1994.02.??"]
[EventType "swiss"]
[EventRounds "9"]
[EventCountry "FRA"]
[SourceTitle "EXT 1999"]
[Source "ChessBase"]
[SourceDate "1998.11.16"]
[SourceVersion "1"]
[SourceVersionDate "1998.11.16"]
[SourceQuality "1"]

1. d4 Nf6 2. Nf3 d5 3. c4 e6 4. Nc3 Bb4 5. Bg5 h6 6. Bxf6 Qxf6 7. e3 0-0 8. Be2 dxc4 9. 0-0 Bxc3 10. bxc3 Nd7 11. Bxc4 e5 12. Qc2 Re8 13. e4 b6 14. Bb5 c6 15. Bc4 Bb7 16. Rfe1 Rac8 17. a4 a6 18. Rad1 b5 19. Bf1 exd4 20. Nxd4 Nc5 21. Nf5 Rcd8 22. Rxd8 Qxd8 23. e5 Bc8 24. Nd6 Re7 25. axb5 cxb5 26. Qd2 Be6 27. f4 Nb7 28. Ra1 Nc5 29. Qe3 Qc7 30. f5 Bc4 31. f6 Re6 32. Qg3 g6 33. h4 Bxf1 34. Rxf1 Nb7 35. Nxb7 Qxb7 36. h5 g5 37. Rd1 Qe4 38. Rd8+ Kh7 39. Rf8 Qxe5 40. Rxf7+ Kg8 41. Rg7+ Kh8 42. Qxe5 Rxe5 43. Ra7 Kg8 44. f7+ Kg7 45. Rxa6 Re4 46. Rg6+ Kxf7 47. Rxh6 Rc4 48. Rg6 Rxc3 49. Rxg5 b4 50. Rb5 b3 51. Kh2 Kf6 52. g3 Re3 53. g4 Re5 54. Rxb3 Kg5 55. Kg3 Ra5 56. Kf3 Rc5 57. Rd3 Ra5 58. Rd8 Ra3+ 59. Ke4 Kxg4 60. h6 Ra7 1/2-1/2

[Event "Pardubice op"]
[Site "Pardubice"]
[Date "1994.??.??"]
[Round "4"]
[White "Michenka, Jozef"]
[Black "Donchev, Dimitar I"]
[Result "0-1"]
[WhiteElo "2365"]
[BlackElo "2485"]
[PlyCount "92"]
[EventDate "1994.07.??"]
[EventType "swiss"]
[EventRounds "9"]
[EventCountry "CZE"]
[SourceTitle "EXT 1997"]
[Source "ChessBase"]
[SourceDate "1996.11.15"]
[SourceVersion "1"]
[SourceVersionDate "1996.11.15"]
[SourceQuality "1"]

1. d4 Nf6 2. c4 e6 3. Nc3 d5 4. Bg5 Be7 5. e3 h6 6. Bxf6 Bxf6 7. Nf3 0-0 8. Qd2 a6 9. cxd5 exd5 10. Be2 Re8 11. 0-0 Qd6 12. b4 c6 13. a4 Nd7 14. b5 c5 15. Qa2 c4 16. bxa6 bxa6 17. Nd2 Bb7 18. Bf3 Bc6 19. Qa3 Re6 20. Qxd6 Rxd6 21. Rfb1 Re8 22. a5 Bd8 23. Bd1 f5 24. g3 g5 25. Bh5 Re7 26. Ne2 Kg7 27. Bf3 Nf6 28. Rb2 Ne4 29. Nb1 Rdd7 30. Nbc3 Rb7 31. Rxb7 Rxb7 32. Bxe4 fxe4 33. Na4 Bxa4 34. Rxa4 Kf6 35. g4 Ke6 36. Kg2 Rb5 37. Nc3 Rb3 38. Ne2 Bc7 39. h3 Kd7 40. Ng3 Bxg3 41. Kxg3 Kc6 42. h4 c3 43. hxg5 hxg5 44. Ra2 Kb5 45. f4 exf3 46. Kxf3 Kc4 0-1

[Event "Pardubice op"]
[Site "Pardubice"]
[Date "1993.??.??"]
[Round "5"]
[White "Hracek, Zbynek"]
[Black "Donchev, Dimitar I"]
[Result "1-0"]
[WhiteElo "2510"]
[BlackElo "2485"]
[PlyCount "69"]
[EventDate "1993.07.??"]
[EventType "swiss"]
[EventRounds "9"]
[EventCountry "CZE"]
[SourceTitle "TD"]
[Source "ChessBase"]
[SourceDate "1994.03.01"]
[SourceVersion "1"]
[SourceVersionDate "1994.03.01"]
[SourceQuality "1"]

1. e4 Nf6 2. e5 Nd5 3. d4 d6 4. Nf3 Nb6 5. Be2 dxe5 6. Nxe5 g6 7. c3 Bg7 8. Bf4 Bf5 9. Nd2 N8d7 10. Nxd7 Qxd7 11. 0-0 0-0 12. Re1 Rfe8 13. Bf3 c6 14. a4 Rad8 15. a5 Nd5 16. Be5 Bxe5 17. Rxe5 Nf4 18. Nb3 Qc7 19. Nc5 b6 20. Qc1 Nd3 21. Nxd3 Bxd3 22. Qh6 f6 23. Re3 Bf5 24. Rae1 e5 25. g4 Be6 26. g5 fxg5 27. Rxe5 Bf7 28. axb6 Qxb6 29. b4 Rxe5 30. Rxe5 Qa6 31. Qxg5 Rf8 32. Re1 Qd3 33. Qe3 Qc4 34. Bg4 Re8 35. Qxe8+ 1-0

[Event "EU-chT (Men) 10th"]
[Site "Debrecen"]
[Date "1992.11.??"]
[Round "8.3"]
[White "Donchev, Dimitar I"]
[Black "Eingorn, Vereslav S"]
[Result "0-1"]
[WhiteElo "2520"]
[BlackElo "2590"]
[PlyCount "57"]
[EventDate "1992.11.20"]
[EventType "team-swiss"]
[EventRounds "9"]
[EventCountry "HUN"]
[SourceTitle "EU-chT"]
[Source "ChessBase"]
[SourceDate "1999.07.01"]
[SourceVersion "2"]
[SourceVersionDate "1999.07.01"]
[SourceQuality "1"]
[WhiteTeam "Bulgaria"]
[BlackTeam "Ukraine"]
[WhiteTeamCountry "BUL"]
[BlackTeamCountry "UKR"]

1. e4 e6 2. d4 d5 3. Nd2 a6 4. Ngf3 c5 5. exd5 exd5 6. dxc5 Bxc5 7. Nb3 Ba7 8. Bd3 Qe7+ 9. Qe2 Nc6 10. c3 Bg4 11. 0-0 Qxe2 12. Bxe2 Nf6 13. h3 Bh5 14. g4 Bg6 15. Nfd4 h5 16. Kg2 hxg4 17. hxg4 Ne5 18. f3 0-0-0 19. Rf2 Rde8 20. Bf4 Nc4 21. Bd1 Nd7 22. Bc2 Bxc2 23. Rxc2 Bb8 24. Kg3 Bxf4+ 25. Kxf4 Rh3 26. Rf2 Nde5 27. Rd1 Ng6+ 28. Kg5 Rh6 29. Re2 0-1

[Event "Oberwart op"]
[Site "Oberwart"]
[Date "1992.??.??"]
[Round "9"]
[White "Donchev, Dimitar I"]
[Black "Neumeier, Klaus"]
[Result "1-0"]
[WhiteElo "2495"]
[BlackElo "2300"]
[PlyCount "73"]
[EventDate "1992.07.??"]
[EventType "swiss"]
[EventRounds "9"]
[EventCountry "AUT"]
[SourceTitle "TD"]
[Source "ChessBase"]
[SourceDate "1994.03.01"]
[SourceVersion "1"]
[SourceVersionDate "1994.03.01"]
[SourceQuality "1"]

1. e4 c5 2. Nf3 d6 3. d4 cxd4 4. Nxd4 Nf6 5. Nc3 g6 6. Be3 Bg7 7. f3 0-0 8. Qd2 Nc6 9. Bc4 Bd7 10. h4 Rc8 11. Bb3 Ne5 12. h5 Nxh5 13. g4 Ng3 14. 0-0-0 Nxh1 15. Rxh1 Bxg4 16. fxg4 Nxg4 17. Ne6 Qa5 18. Nxg7 Nxe3 19. Qxe3 Qe5 20. Nd5 Rc5 21. Nf5 gxf5 22. Nxe7+ Kh8 23. Nxf5 Qf6 24. Rh6 Rxf5 25. exf5 Qxf5 26. Rxd6 f6 27. Rd5 Qf1+ 28. Rd1 Qg2 29. Qe7 Qg5+ 30. Kb1 Qg7 31. Qxg7+ Kxg7 32. Rg1+ Kh6 33. Rg8 Rxg8 34. Bxg8 Kg6 35. c4 h5 36. Bd5 b6 37. b4 1-0

[Event "Mlada Boleslav op"]
[Site "Mlada Boleslav"]
[Date "1992.??.??"]
[Round "5"]
[White "Donchev, Dimitar I"]
[Black "Pala, Vladimir"]
[Result "1-0"]
[WhiteElo "2495"]
[BlackElo "2275"]
[PlyCount "69"]
[EventDate "1992.??.??"]
[EventType "swiss"]
[EventRounds "9"]
[EventCountry "CSR"]
[SourceTitle "EXT 1997"]
[Source "ChessBase"]
[SourceDate "1996.11.15"]
[SourceVersion "1"]
[SourceVersionDate "1996.11.15"]
[SourceQuality "1"]

1. e4 e6 2. d4 d5 3. Nd2 Nf6 4. e5 Nfd7 5. f4 c5 6. c3 Nc6 7. Ngf3 Qb6 8. Nb3 cxd4 9. cxd4 Bb4+ 10. Ke2 a5 11. a4 f6 12. h4 0-0 13. Be3 Qc7 14. Qc2 Qb8 15. Kd1 Ne7 16. Bd3 h6 17. h5 b6 18. Qe2 Qa7 19. Rc1 Ba6 20. Bxa6 Qxa6 21. Qxa6 Rxa6 22. Rc7 Rd8 23. Ke2 Raa8 24. Rhc1 Rac8 25. g4 Rxc7 26. Rxc7 f5 27. g5 Kf7 28. Nc1 Nc8 29. Na2 Be7 30. g6+ Ke8 31. Nc3 Bb4 32. Nb5 Ne7 33. Bf2 Rc8 34. Rxc8+ Nxc8 35. Nc7+ 1-0

[Event "BUL-ch"]
[Site "Sofia"]
[Date "1992.??.??"]
[Round "1"]
[White "Donchev, Dimitar I"]
[Black "Petkov, Vladimir"]
[Result "1-0"]
[WhiteElo "2520"]
[BlackElo "2260"]
[PlyCount "53"]
[EventDate "1992.03.??"]
[EventType "tourn"]
[EventRounds "13"]
[EventCountry "BUL"]
[EventCategory "7"]
[SourceTitle "TD"]
[Source "ChessBase"]
[SourceDate "1994.03.01"]
[SourceVersion "1"]
[SourceVersionDate "1994.03.01"]
[SourceQuality "1"]

1. e4 e6 2. d4 d5 3. Nd2 c5 4. exd5 Qxd5 5. Ngf3 cxd4 6. Bc4 Qd6 7. 0-0 Nf6 8. Nb3 Nc6 9. Nbxd4 Nxd4 10. Qxd4 Qxd4 11. Nxd4 Bd7 12. Bf4 Rc8 13. Be2 Bc5 14. Nb3 Bb6 15. c4 Ne4 16. Rac1 g5 17. Be5 f6 18. Bd4 Bxd4 19. Nxd4 e5 20. Nb3 Ke7 21. Bf3 Bc6 22. Na5 Nd2 23. Bxc6 bxc6 24. Rfd1 Rhd8 25. f3 Rd6 26. Kf2 e4 27. Ke3 1-0